书目信息 |
| 题名: |
以我今世许你来生
|
|
| 作者: | 神月离人 著 | |
| 分册: | ||
| 出版信息: | 昆明 云南人民出版社 2009.09 |
|
| 页数: | 316页 | |
| 开本: | 24cm | |
| 丛书名: | 发条鸟文库 | |
| 单 册: | ||
| 中图分类: | I247.5 | |
| 科图分类: | ||
| 主题词: | 长篇小说--中国--当代 | |
| 电子资源: | ||
| ISBN: | 978-7-222-05972-6 | |
| 000 | 00973nam 2200253 450 | |
| 001 | 249792 | |
| 005 | 20100611113700.51 | |
| 010 | @a978-7-222-05972-6@dCNY26.80 | |
| 100 | @a20100515d2009 em y0chiy0110 ea | |
| 101 | 0 | @achi |
| 102 | @aCN@b530000 | |
| 105 | @ay z 000ay | |
| 200 | 1 | @a以我今世许你来生@d= Waitng for you@f神月离人著@zeng |
| 210 | @a昆明@c云南人民出版社@d2009.09 | |
| 215 | @a316页@d24cm | |
| 225 | 2 | @a发条鸟文库@AFa Tiao Niao Wen Ku |
| 330 | @a时间就像砂漏,一点点消失,记忆却像堆起的沙砾,一点点丰足。和你在一起的日子慢慢变少,认识你的时间却慢慢增多。神说这个世界没有两全,所以想要的,仅仅只是你的笑容。不爱我,没关系。 小龄女青年坎坷求学路,墨尔本天空下绚烂却真实的爱情故事,神月离人用最微笑的笔触勾画出最忧伤的爱情。 | |
| 410 | 0 | @12001 @a发条鸟文库 |
| 510 | 1 | @aWaitng for you@zeng |
| 606 | 0 | @a长篇小说@y中国@z当代 |
| 690 | @aI247.5@v4 | |
| 701 | 0 | @a神月离人@Ashen yue li ren@4著 |
| 801 | 0 | @aCN@c20100515 |
| 905 | @dI247.5@eS379@f3 | |
| 以我今世许你来生= Waitng for you/神月离人著.-昆明:云南人民出版社,2009.09 |
| 316页;24cm.-(发条鸟文库) |
| ISBN 978-7-222-05972-6:CNY26.80 |
| 时间就像砂漏,一点点消失,记忆却像堆起的沙砾,一点点丰足。和你在一起的日子慢慢变少,认识你的时间却慢慢增多。神说这个世界没有两全,所以想要的,仅仅只是你的笑容。不爱我,没关系。 小龄女青年坎坷求学路,墨尔本天空下绚烂却真实的爱情故事,神月离人用最微笑的笔触勾画出最忧伤的爱情。 |
| ● |
| 相关链接 |
|
|
|
正题名:以我今世许你来生
索取号:I247.5/S379
 
预约/预借
| 序号 | 登录号 | 条形码 | 馆藏地/架位号 | 状态 | 备注 |
| 1 | 986680 | 209866803 | 文学库108/108文学库 36排3列2层/ [索取号:I247.5/S379] | 在馆 | |
| 2 | 986681 | 209866812 | 文学库108/108文学库 36排3列2层/ [索取号:I247.5/S379] | 在馆 | |
| 3 | 986682 | 209866821 | 文学库108/108文学库 36排3列2层/ [索取号:I247.5/S379] | 在馆 |